6 años del real: (Registro nro. 7855)
[ vista simple ]
| 000 -LEADER | |
|---|---|
| fixed length control field | 00967nam a2200181Ia 4500 |
| 005 - FECHA Y HORA DE LA ÚLTIMA TRANSACCIÓN | |
| control field | 20230418171112.0 |
| 008 - FIXED-LENGTH DATA ELEMENTS--GENERAL INFORMATION | |
| fixed length control field | 230418s9999 xx 000 0 und d |
| 040 ## - CATALOGING SOURCE | |
| Original cataloging agency | UPAN |
| Transcribing agency | Biblioteca San Vicente |
| Description conventions | RCAA2 |
| 041 ## - LANGUAGE CODE | |
| Language code of text/sound track or separate title | spa |
| 082 ## - DEWEY DECIMAL CLASSIFICATION NUMBER | |
| Classification number | 330.981 |
| Item number | P747a |
| 110 ## - MAIN ENTRY--CORPORATE NAME | |
| Corporate name or jurisdiction name as entry element | Presidencia de la Repulica de Brasil. |
| Relator code | aut. |
| 245 #0 - TITLE STATEMENT | |
| Title | 6 años del real: |
| Remainder of title | crecimiento y desarrollo social. |
| Statement of responsibility, etc | Presidencia de la Republica de Brasil |
| 260 ## - PUBLICATION, DISTRIBUTION, ETC. (IMPRINT) | |
| Place of publication, distribution, etc | Brasilia: |
| Name of publisher, distributor, etc | Presidencia de la Republica de Brasil, |
| Date of publication, distribution, etc | 2000 |
| 300 ## - PHYSICAL DESCRIPTION | |
| Extent | 82 p.; |
| Dimensions | 21 cm |
| 505 ## - FORMATTED CONTENTS NOTE | |
| Formatted contents note | Economía<br/>I. Inflación.<br/>II. Actividad económica<br/>III. Sector externo.<br/>IV. Empleo y salarios<br/>V. Política fiscal y reformas estructurales<br/>VI. Ciencia y tecnología<br/>Desarrollo local<br/>Educación <br/>salud <br/>Asistencia social<br/>Iniciativa privada y acciones sociales<br/>Seguridad social<br/>Reforma agraria<br/>Avanza Brasil<br/>Comunidad solidaria<br/>Consumo y calidad de vida |
| 650 ## - SUBJECT ADDED ENTRY--TOPICAL TERM | |
| Source of heading or term | LEMB |
| General subdivision | Política económica |
| Geographic subdivision | Brasil |
| 942 ## - ADDED ENTRY ELEMENTS (KOHA) | |
| Koha item type | Libros |
| Source of classification or shelving scheme | Dewey Decimal Classification |
| Withdrawn status | Lost status | Source of classification or shelving scheme | Damaged status | Not for loan | Collection code | Home library | Current library | Date acquired | Total Checkouts | Full call number | Barcode | Date last seen | Price effective from | Koha item type | Copy number |
|---|---|---|---|---|---|---|---|---|---|---|---|---|---|---|---|
| Dewey Decimal Classification | Colección General | Biblioteca UPAN San Vicente | Biblioteca UPAN San Vicente | 18/04/2023 | 330.981 P747a | 12000418 | 18/04/2023 | 18/04/2023 | Libros | ||||||
| Dewey Decimal Classification | Colección General | Biblioteca UPAN San Vicente | Biblioteca UPAN San Vicente | 18/04/2023 | 330.981 P747a | 12000417 | 18/04/2023 | 18/04/2023 | Libros | 01 |